TV Theme Challenge Quiz Stats

 Plays Quiz Updated Oct 3, 2017

Challenge
Share
Tweet
Score 0/39 Timer 08:00
0 Plays Today
Time Interval Show % Correct
0:10-0:13Friends
95.7%
1:10-1:13The Fresh Prince of Bel Air
90.2%
0:20-0:23Family Guy
87.1%
0:40-0:43Two and a Half Men
83.8%
0:35-0:38American Idol/Pop Idol
80.6%
2:20-2:23Batman
78.3%
2:15-2:18Happy Days
76%
0:15-0:18Seinfeld
74.3%
0:55-0:58Cheers
73.7%
0:05-0:08The Simpsons
72.2%
2:25-2:28South Park
71.9%
2:50-2:53The Addams Family
69%
0:00-0:03The Office (US)
68.9%
2:10-2:13Sesame Street
66.1%
0:50-0:53Law & Order
65.7%
3:00-3:03Scrubs
65.3%
2:55-2:58The X-Files
65.1%
1:05-1:08Full House
64.7%
0:45-0:48The Flintstones
64.1%
1:55-1:58Gilligan's Island
63.2%
Time Interval Show % Correct
1:15-1-18Three's Company
59.4%
2:05-2:08Malcolm in the Middle
56.8%
3:05-3:08The Price is Right
56.8%
2:30-2:33Sex and the City
54.1%
1:35-1:38The Jeffersons
54.1%
2:40-2:43Dawson's Creek
54%
1:00-1:03The Andy Griffith Show
51.3%
1:40-1:43All in the Family
43.6%
2:45-2:48Bonanza
40.5%
1:50-1:53Will & Grace
40.1%
2:35-2:38King of the Hill
39.8%
1:30-1:33Diff'rent Strokes
39.7%
2:00-2:03House
37.2%
3:10-3-13The Sopranos
31.4%
0:30-0:33Dexter
30.3%
1:45-1:48Curb Your Enthusiasm
27.8%
1:25-1:28Buffy the Vampire Slayer
25.5%
0:25-0:28Entourage
18.8%
1:20-1:23Flight of the Conchords
12%

You're not logged in!

Compare scores with friends on all Sporcle quizzes.
OR
Log In

You Might Also Like...

Show Comments

Extras

Top Quizzes Today


Score Distribution

Your Account Isn't Verified!

In order to create a playlist on Sporcle, you need to verify the email address you used during registration. Go to your Sporcle Settings to finish the process.

Report this User

Report this user for behavior that violates our Community Guidelines.

Details: